00409nam a2200145Ia 4500008004100000020001500041041001200056082001600068100001300084245009500097260003400192300000700226650001600233700001400249221030s9999 xx 000 0 und d a8175440791 aEnglish a105.23bMeh aS. Mehta 0aWheeler`s Question Bank Series - DBMS Data Base Management Systemscby S. Mehta, R. Bangia bWheeler Pub.aNew Delhic1999 a96 aBE Computer aR. Bangia